00425nam a2200145Ia 4500008004100000020001800041041000800059082002100067100001300088245012300101260001700224300000800241365001700249700001300266230718s9999 xx 000 0 und d a9781484240465 aeng a005.13'3074bGUP aGupta D. aApplied Analytics Through Case Studies Using SAS And RbImplementing Predictive Models And Machine Learning Techniques c2019bApress a404 cRs.b1049.00 aGupta D.